Sztuka gotycka i protorenesansowa - Świat (od pocz. XIV wieku) - Statystyki

Ogólne statystyki
  • Ten quiz został rozwiązany 6 razy
  • Średni wynik to 4 z 35
Statystyki odpowiedzi
Obrazkowy Hint Odpowiedź % Poprawnych
13W Salisbury (Wielka Brytania) Katedra w Salisbury (bryła) | Katedra w Salisbury
100%
15W Antwerpia (Belgia) Fouquet Madonna w otoczeniu serafinów i cherubinów
50%
14W Praga (Czechy) Katedra św. Wita w Pradze (wnętrze) | Katedra św. Wita w Pradze
50%
13W Amiens (Francja) Katedra w Amiens
50%
13W Kolonia (Niemcy) Katedra w Kolonii
50%
13W Reims (Francja) Katedra w Reims (bryła) | Katedra w Reims
50%
13W Paryż (Francja) Sainte Chapelle w Paryżu | Sainte Chapelle w Paryżu (plan)
50%
15W Francja Bracia Limbourg – cykl kalendarza z Bardzo bogatych Godzinek księcia du Berry
0%
13W Bamberg (Niemcy) Jeździec z Bambergu
0%
15-16W Cambrige (Wielka Brytania) Kaplica King’s College w Cambridge (fasada) | Kaplica King’s College w Cambridge
0%
15-16W Cambrige (Wielka Brytania) Kaplica King’s College w Cambridge (wnętrze) | Kaplica King’s College w Cambridge
0%
13W Amiens (Francja) Katedra w Amiens (portal południowy) | Katedra w Amiens
0%
13W Amiens (Francja) Katedra w Amiens (rozeta) | Katedra w Amiens
0%
14W Mediolan (Włochy) Katedra w Mediolanie (fasada) | Katedra w Mediolanie
0%
14W Mediolan (Włochy) Katedra w Mediolanie tarasy | Katedra w Mediolanie
0%
13W Reims (Francja) Katedra w Reims grupa zwiastowania | Katedra w Reims | Grupy: Nawiedzenia i Zwiastowaniaz katedry w Reims
0%
13W Reims (Francja) Katedra w Reims (plan) | Katedra w Reims
0%
13W Salisbury (Wielka Brytania) Katedra w Salisbury (fasada) | Katedra w Salisbury
0%
13W Salisbury (Wielka Brytania) Katedra w Salisbury (plan) | Katedra w Salisbury
0%
13W Salisbury (Wielka Brytania) Katedra w Salisbury (wnętrze) | Katedra w Salisbury
0%
13W Sienia (Włochy) Katedra w Sienie (fasada) | Katedra w Sienie
0%
13-14W Kolonia (Niemcy) Krucyfiks Koloński (Gerona)
0%
14W Pradze (Czechy) Most Karola w Pradze
0%
13W Piza (Włochy) Nicolo Pisano – ambona w baptysterium w Pizie
0%
15W Wenecja (Włochy) Pałac Dożów w Wenecji (elewacja) | Pałac Dożów w Wenecji
0%
13W Florencja (Włochy) Palazzo Vecchio we Florencji
0%
15W Awinion (Francja) Pieta z Awinionu
0%
14W Praga (Czechy) Piotr Parler – autoportret z katedry w Pradze
0%
13-15W Europa Rzeźba Madonny szafkowej | Madonna Szafkowej | Madonna Szafkowa | Szafkowa Madonna
0%
13W Paryż (Francja) Sainte Chapelle w Paryżu | Sainte Chapelle w Paryżu (bryła)
0%
13W Paryż (Francja) Sainte Chapelle w Paryżu | Sainte Chapelle w Paryżu (wnętrze kaplicy górnej)
0%
14W Sklepienie wachlarzowe | wachlarzowe
0%
14-15W Champmol koło Dijon (Francja) Sluter Claus | Studnia Mojżesza w kartuzji w Champmol w Dijon | Studnia Patriarchów
0%
13W Naumburg (Niemcy) Uta i Eckhardt – rzeźby fundatorów z Naumburga
0%
14W Awinion (Francja) Zamek w Awinionie
0%
Nie znaleziono quizów pasujących do podanych kryteriów
Rozkład punktacji
Procent ludzi z każdym wynikiem
Percentyl według liczby udzielonych odpowiedzi
Twoja historia wyników
Nie rozwiązałeś tego quizu